000 00691nam a2200205Ia 4500
003 GCL
008 140319s9999 xx 000 0 ara d
040 _aGCL /
_cGCL
082 0 4 _a370.7
_bي م
100 1 _aيوسف العنيزى
245 1 0 _aمناهج البحث التربوى بين النظرية والتطبيق /
_cيوسف العنيزى
700 1 _aسمير يونس
250 _aالثانية
260 _aالكويت :
_bمكتبة الفلاح ،
_c2005
300 _a287 ص ؛
_c24 سم
650 0 4 _aطرق البحث
650 0 4 _aالتعليم - البحوث التربوية
650 0 4 _aالبحوث - الطرق الاحصائية
942 _2ddc
_cBK
999 _c46211
_d46211